00656nam a2200169 a 450000100100000000500170001000800410002702000180006804000250008610000400011124501030015126000420025430000310029670000370032795201050036499900170046900004067320201002034308.0130905s2012 sp a 000 0 spa d a9788483228227 aDO-SdBNPbspacBNPHU1 aEscobar Rodríguez, Tomás96703810aFundamentos de Contabilidad de Gestión /cTomás Escobar Rodríguez, Virginia Cortijo Gallego. aMadrid :bPearson Educación,c2012. aX, 289 p. :bil. ;c24 cm.1 aCortijo Gallego, Virginia967039 001050718MOaGRbGRcCTd2013-09-05iLF1l0o p40673-10r2020-06-25w2020-06-25y1ZNo se presta c40163d40163